Central Library OPAC University of Rajshahi

যাত্রাপথের আনন্দগান / (Record no. 38942)

MARC details
000 -LEADER
fixed length control field 01243nam a2200265 a 4500
001 - CONTROL NUMBER
control field 38942
003 - CONTROL NUMBER IDENTIFIER
rucl marc code BD-RjUL
005 - DATE AND TIME OF LATEST TRANSACTION
control field 20211209052904.0
008 - FIXED-LENGTH DATA ELEMENTS--GENERAL INFORMATION
fixed length control field 160424r20122011ii a|||e |||| 001 0 ben d
020 ## - INTERNATIONAL STANDARD BOOK NUMBER
International Standard Book Number 9789350400470
Terms of availability : TK. 330.00
035 ## - SYSTEM CONTROL NUMBER
System control number (BD-RjUL) 39052
040 ## - CATALOGING SOURCE
Original cataloging agency BD-RjUL
Language of cataloging ben
Transcribing agency BD-RjUL
041 ## - LANGUAGE CODE
Language code of text/sound track or separate title ben
082 ## - DEWEY DECIMAL CLASSIFICATION NUMBER
Edition number 23
Classification number 780
Author mark and year MAJ 2012
100 ## - MAIN ENTRY--PERSONAL NAME
Personal name মজুমদার, শৈলজারঞ্জন
9 (RLIN) 120235
245 10 - TITLE STATEMENT
Title যাত্রাপথের আনন্দগান /
Statement of responsibility, etc. শৈলজারঞ্জন মজুমদার ; অনুলিখন: সবিতা দত্ত মজুমদার
250 ## - EDITION STATEMENT
Edition statement ২য় সং.
260 ## - PUBLICATION, DISTRIBUTION, ETC. (IMPRINT)
Place of publication, distribution, etc. কলকাতা :
Name of publisher, distributor, etc. আনন্দ পাবলিশার্স ,
Date of publication, distribution, etc. ২০১১ [মুদ্রণ ২০১২]
300 ## - PHYSICAL DESCRIPTION
Pagination [৮], ১৪৮ পৃ. :
Illustrations চিত্র ;
Size ২২ সেমি.
504 ## - BIBLIOGRAPHY, ETC. NOTE
Bibliography, etc নির্ঘণ্ট সংযুক্ত
600 ## - SUBJECT ADDED ENTRY--PERSONAL NAME
Personal name Majumadāra, Śailajārañjana,
Dates associated with a name 1900-1992.
Personal name মজুমদার, শৈলজারঞ্জন,
Dates associated with a name ১৯০০-১৯৯২
700 ## - ADDED ENTRY--PERSONAL NAME
Personal name মজুমদার, সবিতা দত্ত, অনুলেখক
942 ## - ADDED ENTRY ELEMENTS (KOHA)
Source of classification or shelving scheme Dewey Decimal Classification
Koha item type Books
Holdings
Lost status Source of classification or shelving scheme Damaged status Not for loan Collection code Permanent Location Current Location Shelving location Date acquired Source of acquisition Cost, normal purchase price Total Checkouts Full call number Date last seen Copy number Koha item type
  Dewey Decimal Classification   Not For Loan Non-fiction Central Library, University of Rajshahi Central Library, University of Rajshahi Reading Room 28/06/2015 Batighor, Chittagong 330.00   B 780 MAJ 2012 24/04/2016 C-1 Books
  Dewey Decimal Classification     Non-fiction Central Library, University of Rajshahi Central Library, University of Rajshahi   28/06/2015 Batighor, Chittagong 330.00   B 780 MAJ 2012 24/04/2016 C-2 Books